000 01650cam a22004217a 4500
003 CHAP
005 20220329141934.0
008 980821d1997 mx rs 00110 spa d
010 _a75970
011 _a76942
020 _a9701316894
035 _a86537
040 _cCHAP
082 0 4 _a317.2
_bI57 Camp.
110 2 _aInstituto Nacional de Estadística, Geografía e Informática. México
_959304
245 1 0 _aPerspectiva estadística de Campeche
_c/por Instituto Nacional de Estadística Geografía e Informática
260 _aAguascalientes, Ags. :
_bInstituto Nacional de Estadística Geografía e Informática,
_c1997.
300 _a105 p. :
_bcuadros ; gráfs.
590 _aBATCH-UPD
_b10
_c20130110
_lUCH01
_h0207
590 _aBATCH-UPD
_b10
_c20130110
_lUCH01
_h0814
590 _aBATCH-UPD
_b10
_c20130410
_lUCH01
_h1425
590 _aBATCH-UPD
_b10
_c20130914
_lUCH01
_h0719
590 _aBATCH-UPD
_b10
_c20130914
_lUCH01
_h2146
590 _aCONVERSION
_b10
_c20130109
_lUCH01
_h1342
650 1 4 _aAgricultura
_xEstadisticas
_zCampeche.
_91447
650 1 4 _aBosques
_xEstadísticas
_xCampeche.
_914140
650 1 4 _aCampeche
_xEstadísticas.
_917986
650 1 4 _aCampeche
_xHistoria.
_917987
650 1 4 _aEmpleo
_xCampeche.
_936550
650 1 4 _aGanadería
_xEstadísticas
_zCampeche.
_944706
650 1 4 _aPoblación
_zCampeche.
_989416
650 1 4 _aVivienda
_xCampeche.
_9120123
901 _aBK
905 _aAlejandra Carrasco M.
942 _cLIBRO
949 _a317.2 I57 Camp.
_bBC
_cINEGI
_d33724000699211
_eINEGI
_fc.2
_h93770
_i86537
_sb
_t$34.00
949 _a317.2 I57 Camp.
_bBC
_cINEGI
_d33724000699229
_eINEGI
_h93769
_i86537
_sb
_t$34.00
999 _c75970
_d75970